| 000 | 00610nam a2200169 a 4500 | ||
|---|---|---|---|
| 001 | 000040277 | ||
| 005 | 20201002034028.0 | ||
| 008 | 130821s2009 mx 000 0 spa d | ||
| 020 | _a9789703204724 | ||
| 040 |
_aDO-SdBNP _bspa _cBNPHU |
||
| 100 | 1 |
_aPardo Bazán, Emilia, Condesa de _d1851-1921 _966548 |
|
| 245 | 1 | 3 |
_aUn destripador de antaño / _cEmilia Pardo Bazán ;introducción Camilo Ayala Ochoa. |
| 260 |
_aMéxico : _bUniversidad Nacional Autónoma de México, _c2009. |
||
| 300 |
_a37 p. ; _c18 cm. |
||
| 700 | 1 |
_aAyala Ochoa, Camilo _966549 |
|
| 710 | 2 |
_aUniversidad Nacional Autónoma de México _942447 |
|
| 999 |
_c39767 _d39767 |
||